Oeuvres

Gorde:
Xehetasun bibliografikoak
Egile nagusia: Nemesio (auteur)
Formatua: Liburua
Hizkuntza:latina
Argitaratua: París Les Belles Lettres 1975
Saila:Collection des Universités de France
Gaiak:
Etiketak: Etiketa erantsi
Etiketarik gabe, Izan zaitez lehena erregistro honi etiketa jartzen!

MARC

LEADER 00000nam a2200000 a 4500
001 UCM7825
003 CL-VaPUC
008 030110e19750000FR |||||||||||||||||lat|d
082 0 4 |a 871  |b NEM  |2 21 
100 |a Nemesio  |e auteur  |9 473463 
245 1 0 |a Oeuvres 
300 |a 153 p 
942 |c BK 
945 |d 20030110 00:00:00  |a cmena 
260 |a París  |b Les Belles Lettres  |c 1975 
650 7 |a POESIAS LATINAS  |2 CL-VaPUC  |9 473464 
650 0 |a Literatura latina   |9 258055 
583 |a last modification  |c 20030110 00:00:00  |k Rodrigo Vera 
490 0 |a Collection des Universités de France 
999 |c 302487  |d 302485 
952 |0 0  |1 0  |4 0  |6 871_000000000000000_NEM_1975  |7 0  |8 DER_ROM  |9 363101  |a BIBDER  |b BIBDER  |d 2019-11-21  |i 386460K  |o 871 NEM 1975  |p 386460K  |r 2023-01-25  |w 2019-11-21  |x Ubicación 4to piso  |y BK  |z Este recurso debe solicitarse con anticipación  |k DER 
952 |0 0  |1 0  |4 0  |6 871_000000000000000_NEM_1975  |7 0  |8 DER_ROM  |9 363102  |a BIBDER  |b BIBDER  |d 2019-11-21  |i 3864618  |o 871 NEM 1975  |p 3864618  |r 2023-01-25  |w 2019-11-21  |x Ubicación 4to piso  |y BK  |z Este recurso debe solicitarse con anticipación  |k DER 
952 |0 0  |1 0  |4 0  |6 871_000000000000000_NEM_1975  |7 0  |8 DER_ROM  |9 363103  |a BIBDER  |b BIBDER  |d 2019-11-21  |i 3864596  |o 871 NEM 1975  |p 3864596  |r 2023-01-25  |w 2019-11-21  |x Ubicación 4to piso  |y BK  |z Este recurso debe solicitarse con anticipación  |k DER